The Moody atlas of Bible lands / (Record no. 6983)

MARC details
000 -LEADER
fixed length control field 01255cem a2200349 4500
001 - CONTROL NUMBER
control field 268324
003 - CONTROL NUMBER IDENTIFIER
control field GBCCL
005 - DATE AND TIME OF LATEST TRANSACTION
control field 20241126110616.0
007 - PHYSICAL DESCRIPTION FIXED FIELD--GENERAL INFORMATION
fixed length control field ad canzn
008 - FIXED-LENGTH DATA ELEMENTS--GENERAL INFORMATION
fixed length control field 850717s1985 ilu e eng
010 ## -
-- 85675158
020 ## - INTERNATIONAL STANDARD BOOK NUMBER
International Standard Book Number 0802404383 :
Terms of availability $29.95
034 0# -
-- a
040 ## - CATALOGING SOURCE
Original cataloging agency DLC
Transcribing agency DLC
Modifying agency DLC
043 ## -
-- aw-----
050 00 -
-- G2230
-- .B44 1985
082 00 - DEWEY DECIMAL CLASSIFICATION NUMBER
Classification number 220.91
-- 912.33
Edition information 19
Item number BEI
100 1# - MAIN ENTRY--PERSONAL NAME
Personal name Beitzel, Barry J.
9 (RLIN) 12424
245 14 - TITLE STATEMENT
Title The Moody atlas of Bible lands /
Statement of responsibility, etc. Barry J. Beitzel.
255 ## - CARTOGRAPHIC MATHEMATICAL DATA
Statement of scale Scales differ.
260 ## - PUBLICATION, DISTRIBUTION, ETC.
Place of publication, distribution, etc. Chicago :
Name of publisher, distributor, etc. Moody Press,
Date of publication, distribution, etc. c1985.
300 ## - PHYSICAL DESCRIPTION
Extent 1 atlas (xviii, 234 p.) :
Other physical details ill. (some col.), col. maps ;
Dimensions 29 cm.
440 #0 - SERIES STATEMENT/ADDED ENTRY--TITLE
Title [ACSM Map Design Competition Collection ;
Volume/sequential designation 1985-13]
9 (RLIN) 12425
500 ## - GENERAL NOTE
General note Includes indexes.
500 ## - GENERAL NOTE
General note Awarded honorable mention for thematic maps in 1985 American Congress on Surveying and Mapping Map Design Competition.
504 ## - BIBLIOGRAPHY, ETC. NOTE
Bibliography, etc. note Bibliography: p. [233]-234.
630 00 - SUBJECT ADDED ENTRY--UNIFORM TITLE
Uniform title Bible
General subdivision Geography
-- Maps.
9 (RLIN) 12426
630 00 - SUBJECT ADDED ENTRY--UNIFORM TITLE
Uniform title Bible
General subdivision History of Biblical events
-- Maps.
9 (RLIN) 12427
856 42 - ELECTRONIC LOCATION AND ACCESS
Materials specified Publisher description
Uniform Resource Identifier <a href="http://www.loc.gov/catdir/enhancements/fy0609/85675158-d.html">http://www.loc.gov/catdir/enhancements/fy0609/85675158-d.html</a>
906 ## - LOCAL DATA ELEMENT F, LDF (RLIN)
a 7
b cbc
c orignew
d 1
e ncip
f 19
g y-geogmaps
942 ## - ADDED ENTRY ELEMENTS (KOHA)
Source of classification or shelving scheme Dewey Decimal Classification
Koha item type Reference Books
Holdings
Withdrawn status Lost status Source of classification or shelving scheme Damaged status Not for loan Home library Current Library Shelving location Date acquired Total checkouts Full call number Barcode Date last seen Copy number Price effective from Koha item type
    Dewey Decimal Classification     GRACE BIBLE COLLEGE GRACE BIBLE COLLEGE Concordance 2018-07-05   220.91 BEI 005615 2025-05-01 c.1 2018-07-05 Reference Books
© Grace Bible College Library 2025